| 000 | 00723nam a22001937a 4500 | ||
|---|---|---|---|
| 003 | NUST - PNEC | ||
| 005 | 20170116181200.0 | ||
| 008 | 160208b xxu||||| |||| 00| 0 eng d | ||
| 020 | _a9788178846842 | ||
| 040 | _cLIBRARY | ||
| 082 | _a363.7284 MAR | ||
| 100 |
_916294 _aMariyam Noor |
||
| 245 |
_aLow cost waste water treatment technologies _cMariyam Noor |
||
| 260 |
_aNew Delhi: _bCyber Tech Publications; _c2011 |
||
| 300 | _a262 pages | ||
| 650 |
_916296 _aWater resources development _bWater resources development--Cost _xGeneral |
||
| 856 | _uhttp://www.amazon.com/Cost-Waste-Water-Treatment-Technologies/dp/8178846845/ref=sr_1_1?s=books&ie=UTF8&qid=1454922610&sr=1-1&keywords=9788178846842 | ||
| 942 |
_2ddc _cBK |
||
| 999 |
_c71406 _d71406 |
||